000 00482nam a2200181Ia 4500
003 GCL
008 140319s9999 xx 000 0 aFre d
020 _a9748803830
040 _aGCL /
_cGCL
082 0 4 _a895.93
_bT O
100 1 _aTHAMMACHOAT, ATSIRI
245 1 0 _aOF TIME AND TIDE /
_cTHAMMACHOAT, ATSIRI
260 _aتايلانــد :
_bTmc ،
_c1998
300 _a18 CM ؛
_c153 P
650 0 4 _aTHAILAND - LITERATURE
650 0 4 _aTHAILAND - FICTION
942 _2ddc
_cBK
999 _c1889
_d1889